[Event "POL-chT3 Wielkopolskie 1415"]
[Site "Poland"]
[Date "2014.11.30"]
[Round "1.27"]
[White "Banach, Wieslaw"]
[Black "Adamowicz, Maciej"]
[Result "0-1"]
[WhiteElo "2043"]
[BlackElo "2072"]
[PlyCount "54"]
[EventDate "2014.11.30"]
[EventType "team-tourn"]
[EventRounds "11"]
[EventCountry "POL"]
[SourceTitle "EXT 2019"]
[Source "ChessBase"]
[SourceDate "2018.10.10"]
[SourceVersion "1"]
[SourceVersionDate "2018.10.10"]
[SourceQuality "1"]

1. e4 c5 2. Nc3 Nc6 3. f4 g6 4. Nf3 Bg7 5. Bb5 Nd4 6. 0-0 a6 7. Bc4 e6 8. d3 b5 9. Bb3 Bb7 10. Nxd4 cxd4 11. Ne2 Ne7 12. f5 gxf5 13. Ng3 fxe4 14. Nh5 Rg8 15. Bg5 e3 16. Rf4 Be5 17. Rg4 f5 18. Rg3 Qc7 19. Nf6+ Bxf6 20. Qh5+ Kd8 21. Bxf6 Rxg3 22. Bxe7+ Kxe7 23. Qh4+ Kf7 24. hxg3 Rg8 25. Rf1 Qxg3 26. Qxh7+ Ke8 27. Qh5+ Kd8 0-1

[Event "POL-chT3 Wielkopolskie 1314"]
[Site "Poland"]
[Date "2014.02.16"]
[Round "7.33"]
[White "Banach, Wieslaw"]
[Black "Walaszczyk, Witold"]
[Result "0-1"]
[WhiteElo "2060"]
[BlackElo "2151"]
[PlyCount "132"]
[EventDate "2013.10.27"]
[EventType "team-tourn"]
[EventRounds "11"]
[EventCountry "POL"]
[SourceTitle "EXT 2015"]
[Source "ChessBase"]
[SourceDate "2014.11.20"]
[SourceVersion "1"]
[SourceVersionDate "2014.11.20"]
[SourceQuality "1"]
[WhiteTeam "Gniezno LKS Chrobry II"]
[BlackTeam "Konin Hetman"]
[WhiteTeamCountry "POL"]
[BlackTeamCountry "POL"]

1. e4 g6 2. d4 Bg7 3. Nc3 c6 4. Be3 d5 5. e5 Nh6 6. Be2 Nf5 7. Bf4 Qb6 8. Nf3 Qxb2 9. Na4 Qa3 10. c3 b5 11. Nc5 Qxc3+ 12. Bd2 Qa3 13. Qc2 Na6 14. Nb3 Bd7 15. g4 Nh6 16. e6 fxe6 17. Ne5 Bxe5 18. dxe5 Nf7 19. h4 c5 20. h5 Nxe5 21. hxg6 Nxg6 22. Qxg6+ hxg6 23. Rxh8+ Kf7 24. Rxa8 Nb4 25. Bc1 Qa6 26. Bh6 Bc8 27. Rc1 c4 28. Be3 Qxa2 29. Nd4 e5 30. Nf3 Bb7 31. Rxa7 Nc2+ 32. Rxc2 Qxc2 33. Rxb7 Qb1+ 34. Bd1 d4 35. Nxe5+ Ke6 36. Nxc4 Qb4+ 37. Bd2 Qxc4 38. Rb6+ Kf7 39. f3 d3 40. Kf2 Qd4+ 41. Be3 Qb2+ 42. Kg3 Qb1 43. Ba4 d2 44. Rxb5 Qxb5 45. Bxb5 d1Q 46. Bf2 g5 47. Kg2 e5 48. Bc6 Qd2 49. Be4 Ke6 50. Bf5+ Kd5 51. Be4+ Kc4 52. Bc6 Kb3 53. Be4 Kb2 54. Bc6 Kc1 55. Be4 Kd1 56. Bc6 Qd3 57. Be4 Qc4 58. Bb7 Ke2 59. Bg3 Qb5 60. Be4 Qb2 61. Bf2 Qa1 62. Bg1 Qf1+ 63. Kh2 Ke1 64. Bc6 Qe2+ 65. Kh1 Kf1 66. f4 e4 0-1

[Event "POL-chT 2nd League"]
[Site "Lazy"]
[Date "2012.09.08"]
[Round "8"]
[White "Konieczynski, Piotr"]
[Black "Banach, Wieslaw"]
[Result "1/2-1/2"]
[WhiteElo "1933"]
[BlackElo "2086"]
[PlyCount "102"]
[EventDate "2012.09.01"]
[EventType "team-swiss"]
[EventRounds "9"]
[EventCountry "POL"]
[SourceTitle "EXT 2019"]
[Source "ChessBase"]
[SourceDate "2018.10.10"]
[SourceVersion "1"]
[SourceVersionDate "2018.10.10"]
[SourceQuality "1"]
[WhiteTeam "Znin Baszta II"]
[BlackTeam "Gniezno LKS Chrobry"]
[WhiteTeamCountry "POL"]
[BlackTeamCountry "POL"]

1. d4 e6 2. c4 f5 3. Nf3 Nf6 4. g3 Be7 5. Bg2 d6 6. 0-0 0-0 7. Nc3 Qe8 8. Qd3 Qh5 9. Re1 Nc6 10. e4 e5 11. dxe5 fxe4 12. Nxe4 dxe5 13. Bg5 Be6 14. Nxf6+ gxf6 15. Bh4 Rad8 16. Qb3 Na5 17. Qc3 Nxc4 18. Nxe5 Nxe5 19. Rxe5 fxe5 20. Bxe7 Rd1+ 21. Rxd1 Qxd1+ 22. Bf1 Rf7 23. Qxc7 Qd4 24. Qc5 b6 25. Qxd4 exd4 26. Bg5 Bxa2 27. Bd3 b5 28. Bd2 Bc4 29. Be4 Re7 30. f3 Kf7 31. Kf2 Kf6 32. Bb4 Rc7 33. Ke1 Ke6 34. f4 Bd5 35. Bd3 a6 36. Kd2 Bf3 37. Ba5 Rg7 38. Bb6 Rd7 39. b4 h5 40. Bc5 Bg4 41. Bf1 Kd5 42. Bb6 Re7 43. Bd3 Re3 44. Bd8 Rf3 45. h4 Rxg3 46. f5 Rf3 47. f6 Ke6 48. Be4 Rf2+ 49. Kd3 Bf5 50. Bxf5+ Rxf5 51. Ke4 d3 1/2-1/2

[Event "Gniezno GOSiR op-A"]
[Site "Gniezno"]
[Date "2012.08.15"]
[Round "9"]
[White "Banach, Wieslaw"]
[Black "Snihur, Adam"]
[Result "1-0"]
[WhiteElo "2107"]
[BlackElo "1610"]
[PlyCount "102"]
[EventDate "2012.08.11"]
[EventType "swiss"]
[EventRounds "9"]
[EventCountry "POL"]
[SourceTitle "EXT 2023"]
[Source "ChessBase"]
[SourceDate "2022.10.05"]
[SourceVersion "1"]
[SourceVersionDate "2022.10.05"]
[SourceQuality "1"]

1. e4 c5 2. Nf3 d6 3. d4 cxd4 4. Nxd4 Nf6 5. Nc3 a6 6. Bg5 e6 7. f4 Nbd7 8. Qf3 Qc7 9. 0-0-0 b5 10. g4 b4 11. Nd5 Nxd5 12. exd5 Bb7 13. Nc6 Rc8 14. Bg2 Bxc6 15. dxc6 Nb8 16. f5 f6 17. Bd2 Nxc6 18. Qxc6+ Qxc6 19. Bxc6+ Rxc6 20. Bxb4 e5 21. b3 Be7 22. c4 Kf7 23. Kc2 Rd8 24. Rd5 g6 25. Rhd1 gxf5 26. gxf5 Rg8 27. Bxd6 Rg2+ 28. Kc3 Rxd6 29. Rxd6 Bxd6 30. Rxd6 Rxa2 31. Rd7+ Ke8 32. Rxh7 a5 33. c5 Rf2 34. c6 Kd8 35. Kc4 e4 36. Kc5 e3 37. Kb6 Rc2 38. Rh8+ Ke7 39. Rh3 e2 40. Re3+ Kd8 41. Kb7 a4 42. b4 a3 43. Rxe2 Rxe2 44. c7+ Ke7 45. c8Q a2 46. Qc7+ Kf8 47. Qc3 Ke7 48. b5 Rxh2 49. b6 Rf2 50. Ka6 Rc2 51. Qa3+ Kf7 1-0

[Event "Gniezno GOSiR op-A"]
[Site "Gniezno"]
[Date "2012.08.13"]
[Round "5"]
[White "Banach, Wieslaw"]
[Black "Dzwikowski, Adam"]
[Result "0-1"]
[WhiteElo "2107"]
[BlackElo "2003"]
[PlyCount "62"]
[EventDate "2012.08.11"]
[EventType "swiss"]
[EventRounds "9"]
[EventCountry "POL"]
[SourceTitle "EXT 2023"]
[Source "ChessBase"]
[SourceDate "2022.10.05"]
[SourceVersion "1"]
[SourceVersionDate "2022.10.05"]
[SourceQuality "1"]

1. e4 c5 2. Nc3 Nc6 3. f4 e6 4. Bb5 Nge7 5. Nf3 a6 6. Bxc6 Nxc6 7. 0-0 b5 8. d3 Be7 9. b3 0-0 10. Bb2 d5 11. a4 Rb8 12. axb5 axb5 13. Qe1 c4 14. Ne2 Nb4 15. dxc4 bxc4 16. Ng3 cxb3 17. Nh5 f6 18. e5 Qe8 19. Nxg7 Kxg7 20. Ra7 f5 21. Nd4 Kh8 22. cxb3 Nd3 23. Qc3 Nxb2 24. Qxb2 Bc5 25. Rc7 Bb6 26. Rc2 Ba6 27. Rfc1 Qb5 28. h3 Rbc8 29. Kh2 Rxc2 30. Rxc2 Qf1 31. Nf3 Be3 0-1

[Event "Gniezno-ch final"]
[Site "Gniezno"]
[Date "2012.05.12"]
[Round "2"]
[White "Kaminski, Piotr"]
[Black "Banach, Wieslaw"]
[Result "0-1"]
[WhiteElo "2149"]
[BlackElo "2117"]
[PlyCount "82"]
[EventDate "2012.05.12"]
[EventType "tourn"]
[EventRounds "9"]
[EventCountry "POL"]
[SourceTitle "EXT 2020"]
[Source "ChessBase"]
[SourceDate "2019.10.17"]
[SourceVersion "1"]
[SourceVersionDate "2019.10.17"]
[SourceQuality "1"]

1. e4 c5 2. Nf3 d6 3. d4 cxd4 4. Nxd4 Nf6 5. Nc3 a6 6. Bg5 e6 7. Be2 Be7 8. Qd2 b5 9. 0-0 b4 10. Nd1 Nxe4 11. Bxe7 Nxd2 12. Bxd8 Kxd8 13. Re1 e5 14. Nf3 Nxf3+ 15. Bxf3 Ra7 16. Ne3 Be6 17. Rad1 Ke7 18. Bd5 Rc7 19. Bb3 Nd7 20. f4 Rc5 21. f5 Bxb3 22. cxb3 Nb6 23. Rd2 d5 24. Nc2 f6 25. Nxb4 a5 26. Nd3 Rc7 27. Nf4 Kd6 28. Ne6 Re7 29. Rc1 Rc8 30. Rdc2 Rxc2 31. Rxc2 g6 32. g4 gxf5 33. gxf5 d4 34. Nc5 Rg7+ 35. Kf2 Kd5 36. Ne6 Rg4 37. Kf3 Rh4 38. Rc5+ Kd6 39. Rxa5 Rxh2 40. a4 Rh3+ 41. Ke4 Re3# 0-1

[Event "POL-chT 2nd League"]
[Site "Mrzezyno"]
[Date "2011.09.11"]
[Round "9.22"]
[White "Chalupnik, Marcin"]
[Black "Banach, Wieslaw"]
[Result "1-0"]
[WhiteElo "2236"]
[BlackElo "2110"]
[PlyCount "64"]
[EventDate "2011.09.03"]
[EventType "team-swiss"]
[EventRounds "9"]
[EventCountry "POL"]
[SourceTitle "EXT 2019"]
[Source "ChessBase"]
[SourceDate "2018.10.10"]
[SourceVersion "1"]
[SourceVersionDate "2018.10.10"]
[SourceQuality "1"]
[WhiteTeam "Warszawa YMCA"]
[BlackTeam "Gniezno LKS Chrobry"]
[WhiteTeamCountry "POL"]
[BlackTeamCountry "POL"]

1. c4 e6 2. Nf3 d5 3. cxd5 exd5 4. d4 Nf6 5. Nc3 Be7 6. Bg5 0-0 7. e3 c6 8. Bd3 Ne4 9. Bxe7 Qxe7 10. Qc2 Bf5 11. 0-0-0 Nxc3 12. Qxc3 Bxd3 13. Qxd3 Nd7 14. Rhf1 Rfe8 15. Kb1 Nb6 16. h4 f6 17. g4 Qe4 18. Qxe4 Rxe4 19. Rg1 Nd7 20. Nd2 Re7 21. Nf1 Re4 22. Nd2 Re6 23. Nf1 Nf8 24. Ng3 Ng6 25. h5 Ne7 26. Kc2 Rf8 27. Ne2 Nc8 28. Nf4 Re7 29. g5 Nd6 30. g6 h6 31. Kd3 Ne4 32. Rgf1 Ng5 1-0

[Event "POL-chT 2nd League"]
[Site "Mrzezyno"]
[Date "2011.09.03"]
[Round "1"]
[White "Raszka, Janusz"]
[Black "Banach, Wieslaw"]
[Result "1-0"]
[WhiteElo "2253"]
[BlackElo "2110"]
[PlyCount "87"]
[EventDate "2011.09.03"]
[EventType "team-swiss"]
[EventRounds "9"]
[EventCountry "POL"]
[SourceTitle "EXT 2015"]
[Source "ChessBase"]
[SourceDate "2014.11.20"]
[SourceVersion "1"]
[SourceVersionDate "2014.11.20"]
[SourceQuality "1"]
[WhiteTeam "Pawlowice GKS Pniowek 74"]
[BlackTeam "Gniezno LKS Chrobry"]
[WhiteTeamCountry "POL"]
[BlackTeamCountry "POL"]

1. e4 e5 2. Nf3 Nc6 3. Bb5 Bc5 4. Nc3 Nd4 5. Ba4 Nf6 6. d3 0-0 7. Bg5 h6 8. Bh4 d6 9. Nxd4 Bxd4 10. Qd2 c6 11. Nd1 b5 12. c3 Bc5 13. Bc2 d5 14. Qe2 d4 15. h3 Qd6 16. 0-0 Ne8 17. Bg3 Nc7 18. b4 Bb6 19. c4 c5 20. bxc5 Bxc5 21. cxb5 Nxb5 22. Nb2 Be6 23. Bb3 Nc3 24. Qh5 f6 25. f4 Bxb3 26. axb3 exf4 27. Bxf4 Qe7 28. Nc4 Bb6 29. Bd6 Qe8 30. Qg4 Rf7 31. Bf4 Bc7 32. Bxc7 Rxc7 33. Rxf6 Rb8 34. Raf1 Rxb3 35. Nd6 Qe5 36. Rf8+ Kh7 37. Nf7 Rxf7 38. R8xf7 Rb1 39. Rxb1 Nxb1 40. Rxa7 Nc3 41. Ra6 Qe8 42. Qf5+ Kg8 43. Ra5 Qb8 44. Rc5 1-0

[Event "POL-chT4B 0910"]
[Site "Wielkoposka"]
[Date "2010.05.16"]
[Round "9"]
[White "Banach, Wieslaw"]
[Black "Kupryjanczyk, Jan"]
[Result "1-0"]
[WhiteElo "2118"]
[BlackElo "1862"]
[PlyCount "62"]
[EventDate "2010.01.10"]
[EventType "team-tourn"]
[EventRounds "9"]
[EventCountry "POL"]
[SourceTitle "EXT 2019"]
[Source "ChessBase"]
[SourceDate "2018.10.10"]
[SourceVersion "1"]
[SourceVersionDate "2018.10.10"]
[SourceQuality "1"]
[WhiteTeam "Gniezno LKS Chrobry II"]
[BlackTeam "Jarocin JKSW"]
[WhiteTeamCountry "POL"]
[BlackTeamCountry "POL"]

1. e4 d5 2. Nc3 dxe4 3. Nxe4 e5 4. Nf3 Bd6 5. Bc4 Nf6 6. d3 h6 7. Be3 Nc6 8. Qd2 Nxe4 9. dxe4 Bb4 10. c3 Qxd2+ 11. Kxd2 Bd6 12. Rad1 Bg4 13. h3 Bh5 14. Bd5 Nd8 15. g4 Bg6 16. Nh4 c6 17. Nxg6 fxg6 18. Bb3 Rf8 19. Kc2 Be7 20. Rd2 b6 21. h4 Rb8 22. g5 h5 23. Rhd1 Rf3 24. Rd7 Rb7 25. Be6 Rxd7 26. Bxd7+ Kf7 27. Kd2 Kf8 28. Ke2 Rf7 29. b4 Kg8 30. Be8 Bf8 31. Rxd8 Rc7 1-0

[Event "POL-chT 2nd League"]
[Site "Ustron"]
[Date "2008.09.11"]
[Round "5.65"]
[White "Grajdek, Jaroslaw"]
[Black "Banach, Wieslaw"]
[Result "0-1"]
[WhiteElo "2092"]
[BlackElo "2095"]
[PlyCount "56"]
[EventDate "2008.09.06"]
[EventType "team-swiss"]
[EventRounds "9"]
[EventCountry "POL"]
[SourceTitle "EXT 2015"]
[Source "ChessBase"]
[SourceDate "2014.11.20"]
[SourceVersion "1"]
[SourceVersionDate "2014.11.20"]
[SourceQuality "1"]
[WhiteTeam "Prudnik LKS Zarzewie"]
[BlackTeam "Gniezno LKS Chrobry"]
[WhiteTeamCountry "POL"]
[BlackTeamCountry "POL"]

1. Nf3 e6 2. c4 f5 3. g3 Nf6 4. Bg2 Be7 5. d4 d6 6. b3 0-0 7. 0-0 Qe8 8. Nbd2 Nc6 9. Bb2 Qh5 10. Ne1 e5 11. dxe5 dxe5 12. e4 Qh6 13. Nd3 Rd8 14. Qe2 Nb4 15. Bxe5 Nxd3 16. Bxc7 Rd7 17. Ba5 Bb4 18. Bxb4 Nxb4 19. Rfd1 Nc2 20. Rac1 Nd4 21. Qe1 Re7 22. h3 Bd7 23. e5 Bc6 24. Qe3 Qxe3 25. fxe3 Ne2+ 26. Kf2 Nxc1 27. exf6 Rd7 28. Bxc6 bxc6 0-1

[Event "Poznan op-A 17th"]
[Site "Poznan"]
[Date "2008.07.24"]
[Round "6"]
[White "Banach, Wieslaw"]
[Black "Scibior, Adam"]
[Result "1/2-1/2"]
[WhiteElo "2095"]
[BlackElo "2157"]
[PlyCount "64"]
[EventDate "2008.07.19"]
[EventType "swiss"]
[EventRounds "9"]
[EventCountry "POL"]
[SourceTitle "EXT 2009"]
[Source "ChessBase"]
[SourceDate "2008.11.26"]
[SourceVersion "1"]
[SourceVersionDate "2008.11.26"]
[SourceQuality "1"]

1. e4 e6 2. d4 d5 3. e5 c5 4. c3 Nc6 5. Nf3 Qb6 6. a3 c4 7. Nbd2 Na5 8. g3 Bd7 9. Bg2 0-0-0 10. 0-0 h6 11. Re1 Ne7 12. Nf1 Nb3 13. Rb1 Kb8 14. Ne3 g5 15. Nd2 Ba4 16. Nxb3 Qxb3 17. Qxb3 Bxb3 18. Bd2 Ng6 19. Re2 Be7 20. Rf1 Rhg8 21. Kh1 h5 22. f4 g4 23. f5 Nh8 24. f6 Bf8 25. Rff2 Bh6 26. Bf1 Bxe3 27. Bxe3 Bd1 28. Re1 Bf3+ 29. Bg2 Bxg2+ 30. Kxg2 Ng6 31. Bh6 h4 32. Bg7 h3+ 1/2-1/2

[Event "Poznan op-A 17th"]
[Site "Poznan"]
[Date "2008.07.19"]
[Round "1"]
[White "Szelag, Marcin"]
[Black "Banach, Wieslaw"]
[Result "1-0"]
[WhiteElo "2474"]
[BlackElo "2095"]
[PlyCount "77"]
[EventDate "2008.07.19"]
[EventType "swiss"]
[EventRounds "9"]
[EventCountry "POL"]
[SourceTitle "EXT 2009"]
[Source "ChessBase"]
[SourceDate "2008.11.26"]
[SourceVersion "1"]
[SourceVersionDate "2008.11.26"]
[SourceQuality "1"]

1. e4 e6 2. d4 d5 3. Nc3 Bb4 4. e5 c5 5. a3 Bxc3+ 6. bxc3 Ne7 7. Qg4 Qc7 8. Qxg7 Rg8 9. Qxh7 cxd4 10. Ne2 Nbc6 11. f4 Bd7 12. Qd3 dxc3 13. Ng3 0-0-0 14. Qxc3 d4 15. Qc5 f6 16. exf6 Nf5 17. f7 Rgf8 18. Nxf5 exf5 19. Bc4 b6 20. Qd5 Kb8 21. Bd2 Bc8 22. Qb5 a6 23. Qb3 d3 24. Bxd3 Nd4 25. Qc3 Qe7+ 26. Kd1 Rxf7 27. Rb1 Ka7 28. Re1 Qf6 29. Re5 Bb7 30. a4 Rfd7 31. a5 b5 32. Be3 Ka8 33. Qc5 Qh6 34. Kc1 Qxh2 35. Bxf5 Rc8 36. Qb6 Rdc7 37. Bxd4 Qxf4+ 38. Kb2 Bc6 39. Bxc8 1-0

[Event "Obra Lato op"]
[Site "Obra"]
[Date "2007.08.30"]
[Round "4.2"]
[White "Banach, Wieslaw"]
[Black "Kocwin, Bartosz"]
[Result "0-1"]
[WhiteElo "2118"]
[BlackElo "2204"]
[PlyCount "62"]
[EventDate "2007.08.29"]
[EventType "swiss"]
[EventRounds "9"]
[EventCountry "POL"]
[SourceTitle "EXT 2023"]
[Source "ChessBase"]
[SourceDate "2022.10.05"]
[SourceVersion "1"]
[SourceVersionDate "2022.10.05"]
[SourceQuality "1"]

1. e4 c5 2. Nc3 d6 3. f4 Nf6 4. Nf3 e6 5. Bb5+ Bd7 6. Bxd7+ Nbxd7 7. 0-0 Be7 8. d4 cxd4 9. Nxd4 0-0 10. Be3 a6 11. Qf3 Rc8 12. g4 g5 13. Nde2 gxf4 14. Bxf4 Ne5 15. Bxe5 dxe5 16. g5 Ne8 17. h4 b5 18. Rad1 Qb6+ 19. Kh1 b4 20. Rd7 Rc7 21. Rxc7 Qxc7 22. Nd1 Qxc2 23. Ne3 Qxb2 24. Ng4 f5 25. Nh6+ Kh8 26. exf5 exf5 27. Nxf5 Nd6 28. Neg3 Qxa2 29. Qh5 Nxf5 30. Nxf5 Rxf5 31. Rd1 Qf7 0-1

[Event "Obra Lato op"]
[Site "Obra"]
[Date "2007.08.29"]
[Round "2.4"]
[White "Banach, Wieslaw"]
[Black "Jedrzejewski, Kamil"]
[Result "1-0"]
[WhiteElo "2118"]
[BlackElo "1951"]
[PlyCount "60"]
[EventDate "2007.08.29"]
[EventType "swiss"]
[EventRounds "9"]
[EventCountry "POL"]
[SourceTitle "EXT 2023"]
[Source "ChessBase"]
[SourceDate "2022.10.05"]
[SourceVersion "1"]
[SourceVersionDate "2022.10.05"]
[SourceQuality "1"]

1. e4 d5 2. exd5 Nf6 3. d4 Nxd5 4. Nf3 g6 5. c4 Nb6 6. Nc3 Bg7 7. c5 Nd5 8. Bc4 c6 9. Qb3 e6 10. 0-0 Nxc3 11. bxc3 0-0 12. Bf4 b5 13. Be2 a5 14. a4 bxa4 15. Rxa4 Ba6 16. Bxa6 Rxa6 17. Qb7 Qc8 18. Qxc8 Rxc8 19. Rfa1 Nd7 20. Rxa5 Rxa5 21. Rxa5 f6 22. Bd6 Kf7 23. Ra7 Ke8 24. Nd2 e5 25. dxe5 fxe5 26. Nc4 Bf8 27. Bxf8 Rb8 28. g3 Nxf8 29. Nxe5 Rc8 30. f4 h5 1-0

[Event "Perla Baltyku op-A 3rd"]
[Site "Mielno"]
[Date "2007.06.23"]
[Round "7"]
[White "Panocki, Adrian"]
[Black "Banach, Wieslaw"]
[Result "1/2-1/2"]
[WhiteElo "2292"]
[BlackElo "2114"]
[PlyCount "63"]
[EventDate "2007.06.18"]
[EventType "swiss"]
[EventRounds "9"]
[EventCountry "POL"]
[SourceTitle "CBM 119 Extra"]
[Source "ChessBase"]
[SourceDate "2007.09.04"]
[SourceVersion "1"]
[SourceVersionDate "2007.09.04"]
[SourceQuality "1"]

1. Nf3 e6 2. c4 f5 3. g3 Nf6 4. Bg2 Be7 5. 0-0 d6 6. d4 0-0 7. Nc3 Qe8 8. b3 Qh5 9. Qc2 Nc6 10. Bb2 Bd7 11. a3 Rae8 12. d5 exd5 13. Nxd5 Bd8 14. Rad1 Nxd5 15. cxd5 Ne5 16. Bc1 g5 17. Nxg5 Bxg5 18. Bxg5 Qxg5 19. f4 Qh6 20. fxe5 Rxe5 21. Qxc7 Bb5 22. Rf4 Bxe2 23. Rc1 Bd3 24. Qxb7 Rfe8 25. Qb4 Re2 26. Qc3 Rxg2+ 27. Kxg2 Re2+ 28. Rf2 Rxf2+ 29. Kxf2 Qxh2+ 30. Ke3 Qe2+ 31. Kf4 Qg4+ 32. Ke3 1/2-1/2

[Event "Perla Baltyku op-A 3rd"]
[Site "Mielno"]
[Date "2007.06.21"]
[Round "5"]
[White "Banach, Wieslaw"]
[Black "Kulon, Klaudia"]
[Result "1/2-1/2"]
[WhiteElo "2114"]
[BlackElo "2196"]
[PlyCount "37"]
[EventDate "2007.06.18"]
[EventType "swiss"]
[EventRounds "9"]
[EventCountry "POL"]
[SourceTitle "CBM 119 Extra"]
[Source "ChessBase"]
[SourceDate "2007.09.04"]
[SourceVersion "1"]
[SourceVersionDate "2007.09.04"]
[SourceQuality "1"]

1. e4 e5 2. Nc3 Nf6 3. f4 d6 4. Nf3 Nc6 5. Bb5 Bg4 6. 0-0 Nd7 7. Bxc6 bxc6 8. d4 exf4 9. Bxf4 Be7 10. Qd3 0-0 11. h3 Bh5 12. Rae1 Bg6 13. Qc4 c5 14. Nd5 Nb6 15. Qe2 cxd4 16. Nxd4 Bh4 17. g3 Nxd5 18. exd5 Bf6 19. Nc6 1/2-1/2

[Event "Perla Baltyku op-A 3rd"]
[Site "Mielno"]
[Date "2007.06.20"]
[Round "4"]
[White "Nowak, Ryszard"]
[Black "Banach, Wieslaw"]
[Result "1-0"]
[WhiteElo "2188"]
[BlackElo "2114"]
[PlyCount "99"]
[EventDate "2007.06.18"]
[EventType "swiss"]
[EventRounds "9"]
[EventCountry "POL"]
[SourceTitle "CBM 119 Extra"]
[Source "ChessBase"]
[SourceDate "2007.09.04"]
[SourceVersion "1"]
[SourceVersionDate "2007.09.04"]
[SourceQuality "1"]

1. c4 e6 2. g3 f5 3. Bg2 Nf6 4. Nc3 Be7 5. e4 fxe4 6. Nxe4 0-0 7. Ne2 Nc6 8. 0-0 d6 9. d4 Nxe4 10. Bxe4 Bf6 11. Be3 e5 12. d5 Ne7 13. Qc2 g6 14. f3 Bh3 15. Rfe1 Nf5 16. Bf2 Bg5 17. Qd3 Qd7 18. c5 b6 19. b4 Ne7 20. a4 bxc5 21. bxc5 Bf5 22. c6 Bxe4 23. Qxe4 Qf5 24. Kg2 Qf7 25. Red1 Rfb8 26. Nc3 Rb2 27. Rab1 Rab8 28. Nb5 Rxb1 29. Rxb1 Nxd5 30. Nxd6 Ne3+ 31. Qxe3 Rxb1 32. Qxg5 cxd6 33. Qd8+ Qf8 34. c7 Rc1 35. Bxa7 Rc2+ 36. Kg1 Rc1+ 37. Kf2 Rc2+ 38. Ke1 Kg7 39. Be3 Qf5 40. Qe7+ Kg8 41. Bh6 Re2+ 42. Kxe2 Qc2+ 43. Kf1 Qd3+ 44. Kg2 Qc2+ 45. Kf1 Qd1+ 46. Kf2 Qc2+ 47. Ke1 Qb1+ 48. Ke2 Qc2+ 49. Bd2 Qc4+ 50. Ke1 1-0

[Event "Perla Baltyku op-A 3rd"]
[Site "Mielno"]
[Date "2007.06.19"]
[Round "2"]
[White "Banach, Wieslaw"]
[Black "Mickiewicz, Piotr"]
[Result "0-1"]
[WhiteElo "2114"]
[BlackElo "2271"]
[PlyCount "78"]
[EventDate "2007.06.18"]
[EventType "swiss"]
[EventRounds "9"]
[EventCountry "POL"]
[SourceTitle "CBM 119 Extra"]
[Source "ChessBase"]
[SourceDate "2007.09.04"]
[SourceVersion "1"]
[SourceVersionDate "2007.09.04"]
[SourceQuality "1"]

1. e4 c5 2. c3 Nf6 3. e5 Nd5 4. d4 cxd4 5. Qxd4 e6 6. Qe4 f5 7. Qe2 Nc6 8. Nf3 d6 9. c4 Nc7 10. Bg5 Be7 11. Bxe7 Qxe7 12. Nc3 0-0 13. 0-0-0 d5 14. Qe3 Rd8 15. Nd4 Nxd4 16. Rxd4 Bd7 17. Be2 dxc4 18. Bxc4 Bc6 19. Rhd1 Rxd4 20. Qxd4 Bxg2 21. Qd7 Qxd7 22. Rxd7 Rc8 23. Kd2 Bc6 24. Rd6 Kf7 25. b4 Ke7 26. a4 g5 27. b5 Bd7 28. a5 Ne8 29. Rd4 Rc5 30. f4 gxf4 31. Rxf4 Rxe5 32. Kd3 Nf6 33. Kd4 Kd6 34. Rh4 h5 35. Rh3 Re1 36. Rg3 Ng4 37. h3 h4 38. Rg2 e5+ 39. Kd3 Re3+ 0-1

[Event "POL-chT 2nd League"]
[Site "Wysowa"]
[Date "2005.09.02"]
[Round "7.45"]
[White "Banach, Wieslaw"]
[Black "Jakubowski, Jaroslaw"]
[Result "1/2-1/2"]
[WhiteElo "2147"]
[BlackElo "2000"]
[PlyCount "48"]
[EventDate "2005.08.27"]
[EventType "team-swiss"]
[EventRounds "9"]
[EventCountry "POL"]
[SourceTitle "EXT 2019"]
[Source "ChessBase"]
[SourceDate "2018.10.10"]
[SourceVersion "1"]
[SourceVersionDate "2018.10.10"]
[SourceQuality "1"]
[WhiteTeam "Gniezno LKS Chrobry"]
[BlackTeam "Bydgoszcz Chemik"]
[WhiteTeamCountry "POL"]
[BlackTeamCountry "POL"]

1. e4 e5 2. Nf3 Nc6 3. d4 exd4 4. Bc4 Nf6 5. 0-0 Nxe4 6. Re1 d5 7. Bxd5 Qxd5 8. Nc3 Qh5 9. Nxe4 Be6 10. Bg5 Bd6 11. Nxd6+ cxd6 12. Bf4 0-0 13. Nxd4 Qxd1 14. Raxd1 Nxd4 15. Rxd4 d5 16. f3 Rfc8 17. c3 Rc4 18. Be5 Rxd4 19. Bxd4 a6 20. Kf2 Re8 21. b4 f6 22. Re3 Kf7 23. a4 Bd7 24. Rxe8 Bxe8 1/2-1/2